Reverse Dictionary #90 - Statistics

General Stats
  • This quiz has been taken 32 times
  • The average score is 16 of 25
Answer Stats
Definition First
Letter
Word % Correct
Physically close. N near
97%
Intoxicated as a result of excessive alcohol consumption. D drunk
90%
A device used to produce music. I instrument
90%
1. An edible plant, Lactuca sativa and its close relatives, having a head of green and/or purple leaves.2. The leaves of that plant, eaten as a vegetable. L lettuce
90%
A desire, hope, or longing for something or for something to happen. W wish
90%
The process, in the gastrointestinal tract, by which food is converted into substances that can be used by the body. D digestion
87%
An implement for eating or serving; a scooped utensil whose long handle is straight, in contrast to a ladle. S spoon
87%
Having or displaying imperfections; not adequate or acceptable. F faulty
81%
A piece of knowledge that is hidden and intended to be kept hidden. S secret
81%
(business) The sale of products, often in large quantities, to retailers or other merchants. W wholesale
81%
Trembling or shaking, especially from cold or fright. S shivering
77%
To set up; to organize; to put into an orderly sequence. A arrange
71%
(horticulture) A woody plant distinguished from a tree by its multiple stems and lower height, being usually less than six metres tall. B bush
71%
To offer an opinion to, as worthy or expedient to be followed. A advise
65%
An attitude of consideration or high regard. R respect
65%
A colorful, conspicuous structure associated with angiosperms, frequently scented and attracting various insects, and which may or may not be used for sexual reproduction. F flower
58%
A fastening for a door that has a bar that fits into a notch or slot, and is lifted by a lever or string from either side. L latch
58%
1. The navigable part of a river.2. Something through which another thing passes; a means of conveying or transmitting. C channel
55%
(physics) Electromagnetic radiation in the wavelength range visible to the human eye (about 400–750 nanometers). L light
52%
Exhibiting excessive or uncontrollable emotions, in a wide range from joy to panic but usually including anxiety or fear. H hysterical
48%
Wanting or devouring great quantities of food. V voracious
48%
To sink, in the middle, due to weight or applied pressure, below a horizontal line or plane. S sag
45%
With zealous fervor; excited, motivated. E enthusiastic
23%
Overbearing, dictatorial or authoritarian. D domineering
16%
1. Delicious; tasty.2. (by extension) Sexually attractive. 3. Having a pleasing texture when bitten. T toothsome
10%
No matching quizzes found
Score Distribution
Percent of People with Each Score
Percentile by Number Answered
Your Score History
You have not taken this quiz